Handbook on productivity linked wage system
| Corporate Author: | National Productivity Corporation |
|---|---|
| Published: |
Petaling Jaya, Selangor:
NPC,
1999.
|
| Subjects: |
| LEADER | 00573cam a2200169 7i4500 | ||
|---|---|---|---|
| 001 | 0000001124 | ||
| 005 | 20170218090000.0 | ||
| 020 | |a 9832025052 (pbk.) | ||
| 050 | 0 | 0 | |a HC260.L3 |
| 090 | 0 | 0 | |a HC5549 |b .H49 1999 |
| 245 | 0 | 0 | |a Handbook on productivity linked wage system |c National Productivity Corporation. |
| 260 | |a Petaling Jaya, Selangor: |b NPC, |c 1999. | ||
| 300 | |a 66 p.: |b ill.; |c 26 cm. | ||
| 650 | 0 | 0 | |a Labor productivity |
| 710 | 2 | |a National Productivity Corporation | |
| 997 | |a Business & Accountancy, Faculty | ||
| 999 | |a 0000001990 |b BOK |c REFERENCE |e Ground Floor, Bestari Jaya | ||


